[Event "Chigorin Mem. Russian Cup 2017"]
[Site "St. Petersburg"]
[Date "2017.10.24"]
[Round "4"]
[White "Kezin, Roman"]
[Black "Vorobiov, Evgeny E"]
[Result "0-1"]
[WhiteElo "2455"]
[BlackElo "2555"]
[Annotator "TA"]
[PlyCount "102"]
[EventDate "2017.??.??"]
[EventType "swiss"]
[EventCountry "RUS"]
[SourceTitle "playchess.com"]
[Source "ChessBase"]
[SourceQuality "1"]

{[%evp 17,102,44,42,37,36,42,45,36,39,43,55,60,53,52,113,96,122,80,67,45,37,34,35,37,23,30,32,-13,-19,-7,0,-53,-39,-29,0,-97,-84,-108,-102,-229,-214,-225,-206,-237,-239,-214,-164,-256,-249,-269,-269,-276,-272,-260,-254,-301,-278,-278,-239,-274,-280,-250,-235,-247,-230,-277,-293,-300,-286,-326,-327,-325,-314,-343,-345,-416,-343,-512,-512,-606,-602,-933,-929,-852,-345,-830,-808]} 1. d4 Nf6 2. c4 g6 3. Nc3 d5 4. Bg5 Ne4 5. Bh4 c6 (5... Nxc3 6. bxc3 dxc4 7. e3 Be6 8. Qb1 b6 9. Nh3 Bh6 10. Bg5 Bxg5 11. Nxg5 Qd5 12. Nxe6 Qxe6 13. Qb4 Qd5 14. Qxc4 Qxc4 15. Bxc4 e6 {1-0 (67) Nakamura,H (2785)-Giri,A (2771) Stavanger 2017}) 6. e3 {D80: Grünfeld: Unusual White 4th moves and 4 Bg5} Bg7 7. Nf3 Qa5 8. Qb3 dxc4 9. Bxc4 Nd6 $1 {LiveBook: 4 Games} 10. O-O Nxc4 11. Qxc4 Be6 12. Qe2 Na6 $146 ({Predecessor:} 12... h6 13. e4 g5 14. Bg3 {½-½ (27) Moiseenko,A (2559)-Eljanov,P (2540) Kharkov 2002}) 13. Rfd1 Rd8 14. e4 Bg4 15. d5 $1 Bxc3 ({Better is} 15... Nb8 $14) 16. bxc3 $16 Qc5 17. dxc6 Rxd1+ 18. Rxd1 Qxc6 19. Qd2 {[%csl Gd1][%cal Rd2d8]} Qd7 20. Qc1 Qc7 21. Qh6 Nc5 22. Qg7 {[%cal Rg7h8]} Rf8 23. Bg3 $132 {[%mdl 2048] White is not keeping still} Qc8 24. h3 (24. Qxh7 $11 Bxf3 25. gxf3) 24... Bxf3 $15 25. gxf3 Qxh3 26. Qe5 (26. Rd8+ $11 {keeps the balance.} Kxd8 27. Qxf8+ Kd7 28. Qb8 (28. Qxf7 Ne6 $11)) 26... Qc8 $17 27. Rd5 Ne6 28. Ra5 {[#]} (28. Rb5 $17) 28... a6 $1 $19 29. Qd5 f6 {[%cal Bf7f6,Bf6f5][%mdl 32]} ({Resist} 29... Qxc3 30. Ra4 $17) 30. f4 {[#]} f5 $1 ({Don't take} 30... Qxc3 31. f5 $17) 31. Ra4 Qd7 32. Rc4 (32. Rb4 $142 b5 33. Qe5) 32... fxe4 33. Qxe4 Rf5 {Hoping for ...Qd1+.} 34. Qe2 Kf7 35. Re4 Rd5 36. Bh4 Rh5 37. Bg3 Rb5 38. Kg2 Qc6 39. Kg1 Qd5 40. c4 Rb1+ 41. Kh2 Qd1 42. Qxd1 Rxd1 {[%mdl 4096] Endgame KRB-KRN} 43. Re5 Ng7 44. Rc5 Rd7 45. Kg2 Nf5 46. Kf3 h5 {[%cal Bh7h5,Bh5h4,Bh4h3][%mdl 32]} 47. Rc8 (47. Ke2 {was necessary.}) 47... Rd3+ 48. Kg2 h4 49. Bh2 h3+ 50. Kf1 Rd1+ 51. Ke2 Rh1 {Precision: White = 50%, Black = 88%.} 0-1

[Event "Chigorin Mem. Russian Cup 2017"]
[Site "St. Petersburg"]
[Date "2017.10.24"]
[Round "4"]
[White "Kezin, Roman"]
[Black "Vorobiov, Evgeny E."]
[Result "*"]
[WhiteElo "2455"]
[BlackElo "2555"]
[Annotator "TA"]
[PlyCount "29"]
[EventDate "2017.??.??"]
[EventType "swiss"]
[EventCountry "RUS"]
[SourceTitle "playchess.com"]
[Source "ChessBase"]
[SourceQuality "1"]

{[%evp 13,15,47,48,56]} 1. d4 Nf6 2. c4 g6 3. Nc3 d5 4. Bg5 Ne4 5. Bh4 c6 (5... Nxc3 6. bxc3 dxc4 7. e3 Be6 8. Qb1 b6 9. Nh3 Bh6 10. Bg5 Bxg5 11. Nxg5 Qd5 12. Nxe6 Qxe6 13. Qb4 Qd5 14. Qxc4 Qxc4 15. Bxc4 e6 {1-0 (67) Nakamura,H (2785)-Giri,A (2771) Stavanger 2017}) 6. e3 {D80: Grünfeld: Unusual White 4th moves and 4 Bg5} Bg7 7. Nf3 Qa5 {LiveBook: 6 Games} 8. Qb3 {Predecessor:} dxc4 $146 9. Bxc4 Nd6 10. Be2 Be6 11. Qc2 Bg4 12. O-O Nd7 13. Bg3 O-O 14. h3 Bxf3 15. Bxf3 {½-½ (45) Raetsky,A (2459)-Epishin,V (2614) Geneve 2005} *

[Event "Chigorin Mem. Russian Cup 2017"]
[Site "St. Petersburg"]
[Date "2017.10.24"]
[Round "4"]
[White "Palchun, Grigory"]
[Black "Moiseenko, Vadim"]
[Result "0-1"]
[WhiteElo "2441"]
[BlackElo "2543"]
[Annotator "TA"]
[PlyCount "68"]
[EventDate "2017.??.??"]
[EventType "swiss"]
[EventCountry "RUS"]
[SourceTitle "playchess.com"]
[Source "ChessBase"]
[SourceQuality "1"]

{[%evp 15,68,10,27,28,22,28,37,36,43,32,55,53,45,43,45,-31,-36,-83,-92,-89,-108,-114,-119,-108,-124,-120,-127,-119,-137,-293,-292,-289,-276,-278,-252,-362,-349,-347,-345,-337,-285,-277,-278,-308,-300,-290,-232,-1908,-278,-416,-284,-281,-252,-264,-268]} 1. d4 Nf6 2. Bf4 d5 3. e3 c5 4. c3 Nc6 5. Nd2 Bf5 6. Ngf3 e6 7. Be2 {D00: 1 d4 d5: Unusual lines} h6 8. O-O Be7 {LiveBook: 3 Games} 9. dxc5 {White has an edge.} Bxc5 10. Nd4 $146 ({Predecessor:} 10. c4 O-O 11. a3 Be7 12. cxd5 Nxd5 13. Bg3 Bh7 14. Nc4 Qd7 {0-1 (75) Rakhmanov,A (2667)-Alekseev,E (2632) Tallinn 2016}) 10... Bh7 11. Qa4 Qb6 12. Nb5 {Hoping for Bc7.} O-O 13. Bc7 Qa6 14. Qd1 {And now Nb3 would win.} b6 {[%cal Bb7b6,Bb6c5][%mdl 32]} 15. Nb3 (15. Bg3 $14) 15... Qb7 $1 $15 {Threatens to win with ...a6.} 16. Nxc5 bxc5 17. Bd6 a6 18. Bxf8 Rxf8 19. Na3 Qxb2 20. Qa4 Qxe2 21. Qxc6 Ne4 22. Rac1 $2 (22. c4 $17) 22... Qb2 $19 (22... Qxa2 23. Qxa6 c4 24. Rc2 $15) 23. Qxa6 Nxc3 24. Kh1 Ne4 25. Kg1 {[#]} (25. Rc2 $142 Ng3+ 26. hxg3 Bxc2 27. Nxc2 Qxc2 28. Qc6) 25... Nxf2 $1 {[%mdl 512]} 26. Qb5 (26. Rxf2 Qxc1+) 26... Qxa3 27. Kxf2 Bd3 ({Don't do} 27... Qxa2+ 28. Kg1 $19) 28. Qxc5 Qxa2+ 29. Kg3 Bxf1 30. Rxf1 Qc4 31. Qd6 $2 (31. Qxc4 dxc4 32. Kf3) 31... Qe4 $2 (31... Qxf1 32. h3 Qe1+ 33. Kh2 Qxe3) 32. Rf3 (32. Qf4 $142) 32... Re8 33. h3 Qb1 34. Kh2 Qb8 {Precision: White = 37%, Black = 70%.} 0-1

[Event "Chigorin Mem. Russian Cup 2017"]
[Site "St. Petersburg"]
[Date "2017.10.24"]
[Round "4"]
[White "Bodnaruk, Anastasia"]
[Black "Volkov, Sergey"]
[Result "0-1"]
[WhiteElo "2432"]
[BlackElo "2638"]
[Annotator "TA"]
[PlyCount "156"]
[EventDate "2017.??.??"]
[EventType "swiss"]
[EventCountry "RUS"]
[SourceTitle "playchess.com"]
[Source "ChessBase"]
[SourceQuality "1"]

{[%evp 15,155,10,12,8,12,14,11,8,16,12,10,10,18,19,26,29,53,22,17,-57,48,39,40,38,41,30,30,22,19,33,28,27,78,27,32,27,48,63,112,92,857,839,828,418,425,400,423,392,375,371,1532,830,835,817,675,266,231,110,147,57,38,58,64,0,0,0,0,0,11,0,55,0,0,0,0,0,0,0,0,-85,-85,-258,-229,-355,-273,-352,-326,-268,-258,-258,-198,-254,-124,-672,-352,-679,-679,-686,-679,-679,-679,-679,-672,-672,-664,-679,-657,-657,-650,-650,-643,-650,-643,-643,-643,-625,-617,-635,-635,-610,-603,-562,-358,-1639,-358,-29945,-29948,-29951,-29954,-29955,-29949,-29963,-1110,-29961,-29970,-29972,-29971,-29995,-29994,-29996,-29984,-29999]} 1. e4 e6 2. d4 d5 3. Nc3 Nf6 4. e5 Nfd7 5. f4 c5 6. Nf3 Be7 7. Be3 Nc6 8. Qd2 O-O 9. Be2 {C11: French: Classical System: 4 e5 and 4 Bg5 dxe4} b6 10. O-O Bb7 11. Nd1 {The position is equal.} cxd4 12. Nxd4 Nc5 13. Nc3 Rc8 14. Rad1 {[#]} a6 $146 ({Predecessor:} 14... Qd7 15. Nxc6 Bxc6 16. Bd4 Ne4 17. Nxe4 dxe4 {1-0 (48) Alekseev,E (2642)-Bluebaum,M (2588) Berlin 2015}) 15. a3 Qc7 16. Nxc6 Qxc6 17. Bf3 (17. Bd4 $11) 17... Na4 ({Better is} 17... Ne4 $15 18. Nxe4 dxe4) 18. Nxa4 $14 Qxa4 19. c3 Bc5 20. Bxc5 bxc5 21. f5 exf5 22. Bxd5 Bxd5 23. Qxd5 f4 (23... g6 $11 {remains equal.}) 24. b3 (24. e6 $16) 24... Qxa3 $11 25. Rxf4 c4 26. Rxc4 Rce8 27. Rc7 $36 {[%mdl 2048] And now Rf1 would win. Black is under strong pressure.} Rb8 $2 {[%mdl 8192]} (27... h6 $16) 28. e6 $18 h6 29. e7 Rfe8 30. b4 a5 31. Qxa5 Qb2 32. Qe5 Rb6 $2 (32... Ra8 33. Qe1 g6) 33. Rc8 Rxc8 34. Rd8+ Kh7 35. Qe4+ $2 (35. Rxc8 Qc1+ 36. Kf2 Qd2+ 37. Kf3 Qd3+ 38. Kg4 Qd1+ 39. Kf4 Qd2+ 40. Ke4 Qe1+ 41. Kd5 Qxe5+ 42. Kxe5 Re6+ 43. Kd5 Rxe7 44. b5) 35... g6 36. e8=Q (36. Rxc8 Qc1+ 37. Kf2 Rf6+ 38. Kg3 Qg5+ 39. Kh3 Qh5+ 40. Qh4 Qf5+ 41. Qg4 Qd3+ 42. g3 g5 $11) (36. h4 $1 $18 {is the precise move to win. White wants to mate with Qd4.} Qc1+ 37. Kh2) 36... Qc1+ 37. Qe1 (37. Kf2 $16 {[%cal Re8f7]} Qb2+ 38. Kg3 Qxc3+ 39. Qe3 Qc7+ 40. Qf4 Qxf4+ 41. Kxf4 Rc4+ 42. Ke5 (42. Kg3 Rc3+ 43. Kf2 Rf6+ 44. Ke1 Re6+ 45. Qxe6 fxe6 $16) 42... Re6+ 43. Qxe6 fxe6 44. Rb8 (44. Kxe6 Rxb4 45. Rd7+ Kg8 $11)) 37... Qxe1+ $14 38. Qxe1 Rxd8 {[%mdl 4096] Endgame KQ-KRR} 39. Qe7 (39. h3 $14) 39... Rd1+ $11 40. Kf2 Kg7 41. Ke2 Rdd6 {Strongly threatening ...Re6+.} 42. Qe5+ Kh7 (42... Kg8 $1 $11 43. Qc5 Re6+ 44. Kf3 Rbc6) 43. Qg3 (43. Qf4 $14 Rf6 44. Qc1) 43... Rd7 44. h4 h5 45. Qg5 Re6+ 46. Kf2 Rc6 47. Qe5 (47. g4 $1 $11 {keeps the balance.}) 47... Rdc7 $1 $17 48. b5 $2 (48. g4 $17 hxg4 49. h5) 48... Rc5 $19 49. Qd6 {[#]} (49. Qe2 $142 Rf5+ 50. Kg1 Rxc3 51. Qa2) 49... Rf5+ $1 50. Kg1 Rxc3 51. b6 {b7 is the strong threat.} Rb3 52. Qd4 Kg8 53. Kh2 {[#]} Rf1 (53... Rbb5 $1 $19 {is more deadly.} 54. Kg1 Rfd5) 54. Qd7 $2 {[%mdl 8192]} (54. Qd5 $17 Rb4 55. Qd6) 54... Rf4 55. Qd8+ $2 (55. Qe7) 55... Kg7 56. Qg5 Rf5 57. Qd8 Rf6 58. Qd4 Rbxb6 59. Qc3 Rbe6 60. Kh3 Kh7 61. Qd4 Rf5 62. Kg3 Re2 63. Kh3 Rff2 64. Qc4 Re3+ 65. Kh2 Ra3 66. Qd4 Raf3 67. Qd8 Rf4 68. Kh3 Rg4 69. Qd5 $2 (69. Qe7) 69... Rff4 $2 (69... Rf1 {[%cal Rf1h1]} 70. g3 Rb4) 70. g3 $2 (70. Kh2 $19) 70... Rf5 71. Qd3 Ra4 72. Qb3 Ra6 73. g4 hxg4+ 74. Kxg4 Raf6 {Black mates.} 75. Qb7 {[#]} Rf3 $1 76. Qe7 (76. Qxf3 Rxf3) 76... R6f4+ 77. Kg5 Ra4 {[%csl Gg6][%cal Rf3f5]} 78. Qc7 Rf5# {Precision: White = 24%, Black = 54%.} 0-1

[Event "Chigorin Mem. Russian Cup 2017"]
[Site "St. Petersburg"]
[Date "2017.10.24"]
[Round "4"]
[White "Dai, Changren"]
[Black "Geller, Jakov"]
[Result "1/2-1/2"]
[WhiteElo "2425"]
[BlackElo "2526"]
[Annotator "TA"]
[PlyCount "67"]
[EventDate "2017.??.??"]
[EventType "swiss"]
[EventCountry "RUS"]
[SourceTitle "playchess.com"]
[Source "ChessBase"]
[SourceQuality "1"]

{[%evp 22,67,7,0,40,0,0,0,2,0,0,-1,14,14,14,14,14,14,14,14,14,14,13,14,19,22,22,20,22,22,22,15,25,14,14,16,24,14,14,14,14,0,5,0,20,0,7,0]} 1. e4 c5 2. Nf3 d6 3. d4 cxd4 4. Nxd4 Nf6 5. Nc3 a6 6. h3 e6 7. g4 h6 8. Bg2 Be7 {B81: Sicilian Scheveningen: Keres Attack} 9. Be3 Nc6 10. f4 Nd7 11. O-O Nxd4 12. Qxd4 {LiveBook: 11 Games} e5 $146 ({Predecessor:} 12... O-O 13. Qd2 Rb8 14. Ne2 b5 15. Rad1 Qc7 16. f5 Nf6 17. Ng3 {1-0 (29) Anand,V (2804)-Vachier Lagrave,M (2723) Stavanger 2015}) 13. Qd2 exf4 14. Bxf4 Ne5 15. Rad1 Be6 16. Nd5 Bg5 17. Qb4 {With the idea Bxe5.} O-O 18. Bxg5 hxg5 19. Ne3 a5 20. Qxd6 Qxd6 21. Rxd6 Bxa2 22. Rb6 a4 23. Ra1 ({Much worse is} 23. Rxb7 Rfb8 $17) 23... Be6 24. Rxb7 Rab8 25. Rxb8 Rxb8 26. Rxa4 {Strongly threatening b3.} Rxb2 27. Bf1 Kf8 28. Kf2 Ke7 29. Be2 g6 {The position is equal.} 30. Ra5 Kd6 31. Ra6+ Kc5 32. Ra5+ Kd6 33. Ra6+ Kc5 34. Ra5+ {Precision: White = 56%, Black = 63%.} 1/2-1/2

[Event "Chigorin Mem. Russian Cup 2017"]
[Site "St. Petersburg"]
[Date "2017.10.24"]
[Round "4"]
[White "Duzhakov, Ilya"]
[Black "Triapishko, Alexandr"]
[Result "0-1"]
[WhiteElo "2423"]
[BlackElo "2508"]
[Annotator "TA"]
[PlyCount "70"]
[EventDate "2017.??.??"]
[EventType "swiss"]
[EventCountry "RUS"]
[SourceTitle "playchess.com"]
[Source "ChessBase"]
[SourceQuality "1"]

{[%evp 20,70,37,35,50,30,28,37,45,39,50,4,3,9,24,8,35,35,26,36,25,9,10,7,0,-9,0,-4,-9,-29,-26,-22,-22,-28,-6,-145,-148,-480,-494,-657,-652,-769,-712,-710,-690,-1079,-1118,-1055,-1019,-29990,-29991,-29997,-29998]} 1. d4 Nf6 2. c4 g6 3. Nc3 Bg7 4. Nf3 O-O 5. Bg5 d6 6. e3 c5 7. Be2 h6 8. Bh4 cxd4 9. Nxd4 Nc6 10. O-O Bd7 11. Qd2 Rc8 {E61: King's Indian: Early deviations for White, including Smyslov System} 12. Rfd1 (12. Rac1 a6 13. Rfd1 Re8 14. b3 Nxd4 15. exd4 Kh7 16. Bf3 Bc6 17. Qd3 Qa5 18. a4 Qb6 19. Rb1 Bxf3 20. Qxf3 {1-0 (43) Gurevich,M (2634)-Markos,J (2557) Beijing 2008}) 12... Nxd4 13. exd4 g5 $146 {White is slightly better.} ({Predecessor:} 13... Be6 14. b3 d5 15. Bxf6 Bxf6 16. c5 Bg7 17. Bf3 Qd7 18. Rac1 Rfd8 19. h3 f6 20. b4 h5 21. Qe2 Bf7 22. Re1 Re8 23. Qc2 b6 24. Be2 Red8 25. Bb5 Qc7 26. Ba6 {1-0 (26) Inkiov,V (2459)-Verstraeten,R (2316) Charleroi 2017}) 14. Bg3 Bg4 15. Re1 Bxe2 16. Qxe2 Qb6 17. Rad1 Rfe8 18. b3 Qa5 19. Rc1 a6 20. h4 b5 21. hxg5 hxg5 22. d5 e6 {...exd5 is the strong threat.} (22... bxc4 {is more complex.} 23. bxc4 Qc5 24. Ne4 Nxe4 25. Qxe4 Bb2) 23. dxe6 Rxe6 24. Qd1 {Threatens to win with Rxe6.} Rxe1+ 25. Qxe1 bxc4 26. bxc4 Qc5 27. Na4 {[#]} (27. Qd2 $11) 27... Qa3 $1 $17 {[%cal Ra3a4]} 28. Qd1 $2 {[%mdl 8192] [#]} (28. Nc3 $17 {was the crucial defense.}) 28... Ne4 $1 $19 29. Kh2 Nxg3 30. fxg3 Be5 31. Qg4 {[#]} Bxg3+ $1 {[%mdl 512]} 32. Kh3 (32. Qxg3 Qxc1) 32... Qxc1 33. Qxc8+ Kg7 34. Nb6 Be5 35. Nd7 Qe3+ {Precision: White = 21%, Black = 77%.} 0-1

[Event "Chigorin Mem. Russian Cup 2017"]
[Site "St. Petersburg"]
[Date "2017.10.24"]
[Round "4"]
[White "Duzhakov, Ilya"]
[Black "Triapishko, Alexandr"]
[Result "*"]
[WhiteElo "2423"]
[BlackElo "2508"]
[Annotator "TA"]
[PlyCount "51"]
[EventDate "2017.??.??"]
[EventType "swiss"]
[EventCountry "RUS"]
[SourceTitle "playchess.com"]
[Source "ChessBase"]
[SourceQuality "1"]

{[%evp 20,23,36,39,51,41]} 1. d4 Nf6 2. c4 g6 3. Nc3 Bg7 4. Nf3 O-O 5. Bg5 d6 6. e3 c5 7. Be2 h6 8. Bh4 cxd4 9. Nxd4 Nc6 10. O-O Bd7 11. Qd2 Rc8 {E61: King's Indian: Early deviations for White, including Smyslov System} 12. Rfd1 (12. Rac1 a6 13. Rfd1 Re8 14. b3 Nxd4 15. exd4 Kh7 16. Bf3 Bc6 17. Qd3 Qa5 18. a4 Qb6 19. Rb1 Bxf3 20. Qxf3 {1-0 (43) Gurevich,M (2634)-Markos,J (2557) Beijing 2008}) {Predecessor:} 12... Nxd4 $146 13. exd4 Be6 14. b3 d5 15. Bxf6 Bxf6 16. c5 Bg7 17. Bf3 Qd7 18. Rac1 Rfd8 19. h3 f6 20. b4 h5 21. Qe2 Bf7 22. Re1 Re8 23. Qc2 b6 24. Be2 Red8 25. Bb5 Qc7 26. Ba6 {1-0 (26) Inkiov,V (2459)-Verstraeten,R (2316) Charleroi 2017} *

[Event "Chigorin Mem. Russian Cup 2017"]
[Site "St. Petersburg"]
[Date "2017.10.25"]
[Round "5"]
[White "Artemiev, Vladislav"]
[Black "Moiseenko, Vadim"]
[Result "1/2-1/2"]
[WhiteElo "2696"]
[BlackElo "2543"]
[Annotator "TA"]
[PlyCount "84"]
[EventDate "2017.??.??"]
[EventType "swiss"]
[EventCountry "RUS"]
[SourceTitle "playchess.com"]
[Source "ChessBase"]
[SourceQuality "1"]

{[%evp 10,84,18,24,23,20,36,25,43,8,16,20,8,7,17,20,58,47,44,-10,103,91,83,60,73,58,55,69,83,37,35,37,59,13,21,9,6,3,0,0,25,0,0,0,0,-31,-35,-34,-26,-62,0,0,0,0,0,0,0,0,0,0,0,0,0,0,0,0,0,0,0,0,0,0,0,0,0,0,0]} 1. d4 e6 2. Nf3 d5 3. c4 c6 4. g3 Bb4+ (4... dxc4 5. Bg2 b5 6. Ne5 Bb7 7. O-O a6 8. Nc3 Bb4 9. a4 Ne7 10. Ne4 Nd7 11. Bd2 Bxd2 12. Nd6+ Kf8 13. Nexf7 Qc7 14. Qxd2 Nc8 15. Qf4 Nf6 16. Nxc8 Qxf4 17. gxf4 Rxc8 18. Nxh8 {1-0 (39) Wei,Y (2753)-Sambuev,B (2522) Tbilisi 2017}) 5. Nc3 {[%cal Bb1c3,Bc3e4,Be4g5][%mdl 32]} dxc4 6. Bg2 {LiveBook: 3 Games. D30: Queen's Gambit Declined: Systems without Nc3} Nd7 7. O-O Ne7 8. Qc2 {[%mdl 1024] White is slightly better. White has compensation.} O-O 9. Ne4 $146 ({Predecessor:} 9. Rd1 a5 10. Ne4 f5 11. Neg5 Rf6 {½-½ (46) Martinovsky,E (2340)-Efimov,I (2460) Geneve 1995}) 9... b5 10. a3 Ba5 $1 11. Rd1 $40 {[%mdl 128] White mounts an attack.} Bc7 12. Neg5 {[%csl Gg5][%cal Rc2h7] [#]} g6 13. h4 Qe8 14. h5 (14. b3 $14) 14... e5 (14... h6 $11 {remains equal.} 15. Ne4 g5) 15. dxe5 Nxe5 16. Ne4 f6 17. Bh6 {Strongly threatening Nxe5.} Rf7 18. Nxe5 Bxe5 19. Nd6 (19. a4 {keeps more tension.} Nf5 20. Bf4 Bb7 21. hxg6 hxg6 22. Nc5) 19... Bxd6 $1 20. Rxd6 Bd7 $1 21. e4 {aiming for Qc3.} Nc8 $1 {[%cal Rc8d6]} 22. Rd2 Nb6 23. Re1 gxh5 24. e5 {And now e6! would win.} fxe5 25. Rde2 Re7 26. Qd2 {Black must now prevent Qg5+.} Re6 $1 27. Bh3 {[#]} Rxh6 $1 28. Rxe5 (28. Qxh6 Bxh3) 28... Qf8 29. Bxd7 {Threatens to win with Re8.} Nxd7 ({Better is} 29... Qd6 $1 $15 30. Qxd6 Rxd6 31. Be6+ Kg7) 30. Qxd7 $11 {The position is equal.} Rd8 31. Qc7 h4 32. Rg5+ Rg6 33. Rxg6+ hxg6 34. Qxc6 {[%mdl 4096] Endgame KQR-KQR} Qf7 {Hoping for ...hxg3.} 35. gxh4 Rd2 36. Qc5 Rd5 ({Don't blunder} 36... Rxb2 $2 37. Re7 $18) 37. Re8+ Qxe8 38. Qxd5+ Kh7 39. Kg2 a6 40. a4 bxa4 41. Qxc4 Qb5 42. Qd4 a5 {Precision: White = 66%, Black = 78%.} 1/2-1/2

[Event "Chigorin Mem. Russian Cup 2017"]
[Site "St. Petersburg"]
[Date "2017.10.25"]
[Round "5"]
[White "Volkov, Sergey"]
[Black "Bellaiche, Anthony"]
[Result "0-1"]
[WhiteElo "2638"]
[BlackElo "2493"]
[Annotator "TA"]
[PlyCount "64"]
[EventDate "2017.??.??"]
[EventType "swiss"]
[EventCountry "RUS"]
[SourceTitle "playchess.com"]
[Source "ChessBase"]
[SourceQuality "1"]

{[%evp 11,64,18,14,18,16,16,16,16,23,14,13,14,14,14,14,14,14,14,14,11,20,8,0,0,0,0,11,-22,-28,-43,-32,-35,-40,-199,-197,-559,-552,-648,-643,-624,-637,-1240,-1247,-1250,-1249,-1233,-1252,-1252,-1248,-1240,-1219,-1156,-1119,-1008,-1006]} 1. d4 d5 2. c4 c6 3. cxd5 cxd5 4. Bf4 Nc6 5. e3 Nf6 6. Nc3 Bg4 7. Qb3 {D10: Slav Defence: 3 cxd5 (without early Nf3) and 3 Nc3} Na5 $1 {[%cal Ra5b3]} 8. Qa4+ Bd7 9. Qc2 {Threatening Nb5.The position is equal.} e6 10. Nf3 Be7 11. Bd3 Nc6 12. a3 Nh5 13. Be5 f6 14. Bg3 f5 {[#]} 15. Be5 $146 Nf6 16. h3 O-O 17. g4 {[%cal Rg4f5]} Ne4 18. gxf5 Rxf5 19. Nxe4 Rxf3 20. Nd2 Nxe5 21. dxe5 Rf8 22. Bxh7+ $2 ({White should play} 22. O-O $15) 22... Kh8 $19 {And now ...Bh4 would win.} 23. Rg1 $2 (23. O-O {is more resistant.} Rc8 24. Qd3) 23... Bh4 {Black is clearly winning.} 24. Rg2 {[#]} Bxf2+ $1 {[%mdl 512]} 25. Ke2 (25. Rxf2 Qh4) 25... Qh4 $1 {[%csl LRh3,LRh7]} 26. Nf3 Rxf3 27. Kxf3 Rf8+ 28. Ke2 Bb5+ 29. Bd3 Qe4 30. Rxf2 Bxd3+ 31. Qxd3 Rxf2+ 32. Kxf2 Qxd3 {Precision: White = 45%, Black = 84%.} 0-1

[Event "Chigorin Mem. Russian Cup 2017"]
[Site "St. Petersburg"]
[Date "2017.10.25"]
[Round "5"]
[White "Alekseev, Evgeny"]
[Black "Lugovskoy, Maxim"]
[Result "1/2-1/2"]
[WhiteElo "2622"]
[BlackElo "2474"]
[Annotator "TA"]
[PlyCount "131"]
[EventDate "2017.??.??"]
[EventType "swiss"]
[EventCountry "RUS"]
[SourceTitle "playchess.com"]
[Source "ChessBase"]
[SourceQuality "1"]

{[%evp 9,131,31,39,18,29,18,28,23,10,4,0,0,39,16,46,4,4,7,4,0,9,0,0,0,0,-14,0,0,0,0,0,0,15,0,6,4,32,0,33,31,46,35,113,105,145,138,141,150,168,171,306,317,329,286,293,263,272,241,314,312,308,286,300,302,303,253,255,264,267,249,262,255,241,239,282,263,283,279,264,190,190,183,179,50,129,115,94,8,13,8,8,8,116,61,604,602,596,480,410,315,267,28,29,31,51,59,100,100,100,100,100,100,100,100,100,8,114,8,8,8,8,8,8,8]} 1. Nf3 d5 2. e3 Nc6 3. d4 Bg4 4. Bb5 Qd7 (4... a6 5. Bxc6+ bxc6 6. c4 Bxf3 7. gxf3 e6 8. Qa4 Qd7 9. Nc3 Nf6 10. Bd2 c5 11. dxc5 Bxc5 12. cxd5 exd5 {1-0 (53) Erdos,V (2624)-Bjarnason,O (2245) Antalya 2017}) 5. c4 a6 6. Qa4 {Black must now prevent Ne5. D02: 1 d4 d5 2 Nf3 sidelines, including 2...Nf6 3 g3 and 2...Nf6 3 Bf4} Bxf3 7. gxf3 e6 $146 ({Predecessor:} 7... Rd8 8. Bxc6 Qxc6 9. Qxc6+ bxc6 10. Bd2 e6 11. Ba5 Rd7 12. Nc3 {1-0 (48) Fenner,M (1985)-Elefteriadis,P (1975) Lieme 2008}) 8. cxd5 {White has an edge.} exd5 9. Bxc6 bxc6 10. Nc3 g6 11. Bd2 Bg7 12. Ne2 c5 13. Qxd7+ Kxd7 14. Bc3 cxd4 15. Bxd4 Bxd4 16. Nxd4 Ne7 17. O-O-O Rab8 18. Rd2 c5 19. Ne2 Rhd8 20. Rhd1 Kc6 21. Nf4 Rb5 22. Rc2 Kb6 23. Kb1 g5 24. Ne2 Rb4 25. f4 d4 (25... gxf4 $14 26. Nxf4 d4) 26. a3 Rb5 {[#]} 27. Nc3 $1 {[%mdl 512]} Ra5 (27... dxc3 28. Rxd8) 28. fxg5 d3 29. Rcc1 Ng6 (29... c4 $142 30. Ne4 Ra4) 30. Ne4 $18 Ne5 31. Rc3 c4 32. Nd2 Rc5 33. h3 (33. f4 Ng4 $18) 33... Kb5 34. Rdc1 Rdc8 35. f4 Nd7 36. Ka2 a5 37. b3 cxb3+ 38. Rxb3+ (38. Kxb3 Rxc3+ 39. Rxc3 Nc5+ 40. Ka2 Rd8 $16) 38... Ka6 39. Rxc5 Nxc5 {[%mdl 4096] Endgame KRN-KRN} 40. Rc3 a4 41. Kb2 Rb8+ 42. Kc1 Kb5 {intending ...Re8.} 43. Rc4 $1 {[%cal Rc4b4] Hoping for Rb4+.} Re8 44. e4 h6 45. h4 hxg5 46. hxg5 (46. fxg5 $18 Rh8 47. Rb4+ Kc6 48. Nf3) 46... Rh8 ({Black should try} 46... Nb3+ $1 $14 47. Kd1 Nc5) 47. Kb2 $1 $16 Rh4 48. e5 (48. f5 $1 $16) 48... Ne6 $1 $11 49. Rb4+ Kc6 $1 50. Rxa4 Nxf4 (50... Rxf4 $11 51. Rxf4 Nxf4) 51. Kb3 (51. e6 $1 $16 {[%cal Re6f7]} fxe6 52. Nf3) 51... Ng6 $2 {[%mdl 8192]} (51... Kd5 $14) 52. Rxh4 $18 Nxh4 {KN-KN} 53. Kc4 Ng6 54. Kd4 Nf4 {[#]} 55. Ke4 $2 (55. Nf3 $1 $18) 55... Ne6 $1 $11 56. Kf5 ({Weaker is} 56. Kxd3 Nxg5 57. Kc4 Kb6 $18) 56... Kd5 57. a4 {[%cal Ba3a4,Ba4a5,Ba5a6][%mdl 32] Threatens to win with Kf6.} Ng7+ {[#]} 58. Kf6 $1 {[%cal Rf6g7]} Nh5+ 59. Kxf7 Kxe5 60. a5 {Strongly threatening a6.} Kd5 61. a6 Kc6 62. Nc4 (62. Kg6 $16 Ng3 63. Kf6) 62... Kc7 (62... Nf4 $11 {keeps the balance.} 63. Ke7 (63. g6 Nxg6 64. Ke6 d2 $11) 63... Kc7) 63. Kg6 ({Resist} 63. g6 Kb8 $18) (63. Ke6 $16) 63... Ng3 {The position is equal.} 64. Kh7 {aiming for g6.} Kb8 65. g6 {White wants to mate with g7.} Nf5 66. g7 {Precision: White = 54%, Black = 46%.} 1/2-1/2